|
|
|
|
| LEADER |
00000nam0a2200000 4500 |
| 001 |
263043 |
| 005 |
20231101233715.0 |
| 035 |
|
|
|a (RuTPU)RU\TPU\book\286027
|
| 090 |
|
|
|a 263043
|
| 100 |
|
|
|a 20140605d1973 k y0rusy50 ca
|
| 101 |
0 |
|
|a rus
|
| 102 |
|
|
|a RU
|
| 105 |
|
|
|a a z 001zy
|
| 200 |
1 |
|
|a Приближенные методы расчета температур нестационарно нагреваемых твердых тел простой формы
|f А. Т. Усов
|
| 210 |
|
|
|a Москва
|c Машиностроение
|d 1973
|
| 215 |
|
|
|a 107 с.
|c черт.
|
| 320 |
|
|
|a Библиогр.: с. 105.
|
| 606 |
1 |
|
|a Твердые тела
|x Тепловой расчет
|2 stltpush
|3 (RuTPU)RU\TPU\subj\58688
|9 76453
|
| 610 |
1 |
|
|a теплопроводность
|
| 610 |
1 |
|
|a летательные аппараты
|
| 610 |
1 |
|
|a пластины
|
| 610 |
1 |
|
|a цилиндры
|
| 610 |
1 |
|
|a шары
|
| 610 |
1 |
|
|a расчеты
|
| 610 |
1 |
|
|a коэффициент
|
| 675 |
|
|
|a 536.21
|v 3
|
| 700 |
|
1 |
|a Усов
|b А. Т.
|g Александр Трофимович
|
| 801 |
|
1 |
|a RU
|b 63413507
|c 20140605
|
| 801 |
|
2 |
|a RU
|b 63413507
|c 20140626
|g RCR
|
| 942 |
|
|
|c BK
|